| 000 | 00969nam a2200253 u 4500 | ||
|---|---|---|---|
| 005 | 20240215063843.0 | ||
| 008 | 101129s2008 r 000 0 eng d | ||
| 020 | _a9789701064023 (13 dígitos) | ||
| 020 | _a970106402X (10 dígitos) | ||
| 035 | _aUPN01000178830 | ||
| 049 | _aCG | ||
| 050 | 4 |
_aHD30.28 _bT4.28 2008 |
|
| 100 | 1 |
_aThompson, Arthur A., _d1940- |
|
| 245 | 1 | 0 |
_aAdministración estratégica : _bteoría y casos / _cArthur A. Thompson, A. J. Strickland III, John E. Gamble ; tr. Francisco Javier Dávila Martínez. |
| 250 | _a15a ed. | ||
| 260 |
_aMéxico : _bMcgraw Hill, _cc2008. |
||
| 300 |
_axxxviii, 449, [160] p. : _bil. col, fígs. |
||
| 534 |
_pTraducción de: _tCrafting & executing strategy : the quest for competitive advange: concepts and cases |
||
| 650 | 4 |
_aPlanificación estratégica _91106 |
|
| 650 | 4 |
_aAdministración _928 |
|
| 700 | 1 |
_aStrickland III, Alonzo J., _ecoaut. |
|
| 700 | 1 |
_aGamble, John E., _ecoaut. |
|
| 905 | _aLibro | ||
| 999 |
_c150933 _d150933 |
||